000 01143nam a2200361 i 4500
001 34326
003 KOSZ 005
005 20220103090854.0
008 980320s1998 pl f f |000 0 pol
015 _aPB 1998/2775
020 _a8301123397
040 _aWA N
_cWA N
_dKOSZ 005/HR
046 _k1998
080 _a339.7
080 _a(075.8)
100 1 _aZabielski, Kazimierz
_d(1932-2014)
_eAutor
245 1 0 _aFinanse międzynarodowe /
_cKazimierz Zabielski.
250 _aWyd. 2, popr. i uzup., dodr. 1.
260 _aWarszawa :
_bWydaw. Naukowe PWN,
_c1998.
300 _a363, [1] s. ;
_c21 cm.
380 _aKsiążki
380 _aPublikacje dydaktycvzne
385 _mPoziom nauczania
_aSzkoły wyższe
388 _a1901-2000
388 _a1989-2000
504 _aBibliogr. przy rozdz.
650 4 _aFinanse międzynarodowe
655 4 _aPodręczniki akademickie
658 _aGospodarka, ekonomia, finanse
710 2 _aWydawnictwo Naukowe PWN
_4pbl.
856 _uhttp://koha.tu.koszalin.pl/cgi-bin/koha/opac-detail.pl?biblionumber=34626
_yKatalog online BPK
942 _2UKD
_cKS
999 _c34626
_d34626